000 00994cam a2200229 4500
001 WB4006-07
008 040211n2004 000 0 eng u
035 _a(Sirsi) u125102
245 _aVoluntary bodies to share £2.4m
260 _c2004
490 _aScottish Executive News Release
_v(SEC396/2004) 10 February 2004 (4)
520 _aNew funding has been announced by the Scottish Executive for voluntary groups, to aid work with the homeless. Part of the funding is intended to support people who find it difficult to save the initial deposit needed to rent a home. The Homelessness Task Force has recommended that all local authorities in Scotland offer access to a rent deposit scheme by the end of 2004. http://www.scotland.gov.uk/pages/news/2004/02/SEC3 96.aspx
590 _aWB
590 _aWB
650 _aSCOTLAND
650 _aHOMELESSNESS
650 _aRENT DEPOSIT SCHEME
650 _aRENTING
650 _aVOLUNTARY SECTOR
690 _aHOUSING
942 _n0
999 _c117011
_d117011